| 000 | 00526nam a22001937a 4500 | ||
|---|---|---|---|
| 003 | 0 | ||
| 005 | 20241003075510.0 | ||
| 008 | 241003b xxu||||| |||| 00| 0 eng d | ||
| 020 | _a9781250766632 | ||
| 050 |
_aPZ 7 _b.J43 2022 |
||
| 100 |
_aJean, Emiko, _eauthor. |
||
| 245 |
_aTokyo dreaming / _cEmiko Jean. |
||
| 260 |
_aNew York, NY : _bFlatiron Books, _c2022. |
||
| 300 |
_a322 p. ; _c22 cm. |
||
| 650 |
_aPrincesses _vFiction. |
||
| 650 |
_aDating _vFiction. |
||
| 650 |
_aJapanese Americans _vFiction. |
||
| 942 |
_2lcc _cBK |
||
| 999 |
_c366439 _d366439 |
||